Rubber (Record no. 52635)

MARC details
000 -LEADER
campo de control de longitud fija 00723nam a2200193 i 4500
001 - NÚMERO DE CONTROL
campo de control 52635
003 - IDENTIFICADOR DE NÚMERO DE CONTROL
campo de control ES-MaACL
005 - FECHA Y HORA DE LA ÚLTIMA TRANSACCIÓN
campo de control 20230906162622.0
007 - CAMPO FIJO DE DESCRIPCIÓN FÍSICA--INFORMACIÓN GENERAL
campo de control de longitud fija t|
008 - DATOS DE LONGITUD FIJA--INFORMACIÓN GENERAL
campo de control de longitud fija 030902s1935 xxk ||||1| eng d
100 1# - ENTRADA PRINCIPAL--NOMBRE DE PERSONA
Nombre de persona Dawson, Thomas Rayner.
9 (RLIN) 43012
245 10 - MENCIÓN DEL TÍTULO
Título Rubber
Resto del título : physical and chemical properties /
Mención de responsabilidad, etc. T. R. Dawson and B. D. Porritt with a foreword by Herbert Wrigth.
260 ## - PUBLICACIÓN, DISTRIBUCIÓN, ETC.
Lugar de publicación, distribución, etc. Croydon :
Nombre del editor, distribuidor, etc. Research Association of British Rubber,
Fecha de publicación, distribución, etc. 1935 (
Lugar de fabricación/manufactura London :
Fabricante William Clowes and Sons)
300 ## - DESCRIPCIÓN FÍSICA
Extensión XI, 700 p. :
Otras características físicas il. ;
Dimensiones 25 cm.
700 1# - ENTRADA AGREGADA--NOMBRE PERSONAL
Nombre de persona Porritt, Benjamin Dawson.
9 (RLIN) 93167
700 1# - ENTRADA AGREGADA--NOMBRE PERSONAL
Nombre de persona Wrigth, Herbert.
9 (RLIN) 117429
710 2# - ENTRADA AGREGADA--NOMBRE DE ENTIDAD CORPORATIVA
Nombre de entidad corporativa o nombre de jurisdicción como elemento de entrada Research Association of British Rubber.
9 (RLIN) 6435
852 ## - LOCALIZACIÓN
Ubicación ES-MaACL
Número de control de estantería C-22351
Sublocalización o colección R.24056
Holdings
Estatus retirado Estado de pérdida Estado de daño No para préstamo Biblioteca de origen Biblioteca actual Ubicación en estantería Fecha de adquisición Fuente de adquisición Total de préstamos Signatura topográfica completa Código de barras Visto por última vez Precio de reemplazo Tipo de ítem Koha
        Biblioteca del Ateneo de Madrid Biblioteca del Ateneo de Madrid Galería 17/01/2008     C-22351 1055321 23/02/2023 23/02/2023 Libro impreso